[Event "Sitges Sunway op 9th"]
[Site "Sitges"]
[Date "2022.12.19"]
[Round "7"]
[White "Chulis, Alexander"]
[Black "Lim, Zhuo Ren"]
[Result "0-1"]
[WhiteElo "2097"]
[BlackElo "2305"]
[PlyCount "52"]
[EventDate "2022.12.12"]
[EventType "swiss"]
[EventRounds "10"]
[EventCountry "ESP"]
[SourceTitle "CBM 211 Extra"]
[Source "ChessBase"]
[SourceDate "2023.01.31"]
[SourceVersion "1"]
[SourceVersionDate "2023.01.31"]
[SourceQuality "1"]

1. e4 c5 2. Ne2 Nf6 3. Nbc3 d5 4. exd5 Nxd5 5. Nxd5 Qxd5 6. Nc3 Qd8 7. g3 h5 8. h3 g6 9. Bg2 Bg7 10. d3 Nc6 11. Rb1 Bd7 12. Be3 b6 13. Ne2 Rc8 14. 0-0 0-0 15. Qd2 Nd4 16. f4 Be6 17. Kh2 Qd7 18. Rbe1 Rfd8 19. b3 b5 20. Nxd4 cxd4 21. Bg1 Rc3 22. Rf2 Rdc8 23. Qd1 Bf6 24. Rxe6 Qxe6 25. Be4 Qd6 26. Kg2 e6 0-1

[Event "Palma de Mallorca op"]
[Site "Palma de Mallorca"]
[Date "2021.11.26"]
[Round "5"]
[White "Chulis, Alexander"]
[Black "Planas Gene, Juan"]
[Result "1-0"]
[WhiteElo "2113"]
[BlackElo "2022"]
[PlyCount "97"]
[EventDate "2021.11.22"]
[EventType "swiss"]
[EventRounds "7"]
[EventCountry "ESP"]
[SourceTitle "CBM 205 Extra"]
[Source "ChessBase"]
[SourceDate "2022.01.31"]
[SourceVersion "1"]
[SourceVersionDate "2022.01.31"]
[SourceQuality "1"]

1. e4 e5 2. Bc4 Nf6 3. d4 Nxe4 4. dxe5 c6 5. Qe2 Nc5 6. a3 Be7 7. Qg4 Kf8 8. Qf3 Ne6 9. Nc3 d5 10. exd6 Qxd6 11. Be3 Nd7 12. Ne4 Qe5 13. 0-0-0 Nf6 14. Nxf6 Bxf6 15. c3 Ng5 16. Qe2 Be6 17. f4 Bxc4 18. fxe5 Bxe2 19. Nxe2 Be7 20. Rd7 b6 21. Rxe7 Kxe7 22. Bxg5+ f6 23. exf6+ gxf6 24. Bf4 c5 25. Re1 Rae8 26. Ng3+ Kf7 27. Rxe8 Rxe8 28. Kd2 c4 29. Be3 Kg6 30. Ke2 h5 31. Kf3 Re5 32. Ne2 Rb5 33. Bc1 Re5 34. g3 b5 35. Be3 a6 36. Bd4 Re8 37. Nf4+ Kf5 38. Nxh5 Re1 39. a4 Rf1+ 40. Ke3 Rb1 41. Nxf6 Rxb2 42. g4+ Kg6 43. Ne4 a5 44. h4 Kh6 45. Bc5 Kg7 46. g5 Rh2 47. Bd4+ Kf7 48. g6+ Ke7 49. Nf6 1-0

[Event "AUT-chT2O 1617"]
[Site "Austria"]
[Date "2017.04.02"]
[Round "11.3"]
[White "Petran, Peter"]
[Black "Chulis, Alexander"]
[Result "1-0"]
[WhiteElo "2306"]
[BlackElo "2157"]
[PlyCount "75"]
[EventDate "2016.10.15"]
[EventType "team-tourn"]
[EventRounds "11"]
[EventCountry "AUT"]
[SourceTitle "CBM 177 Extra"]
[Source "ChessBase"]
[SourceDate "2017.04.27"]
[SourceVersion "1"]
[SourceVersionDate "2017.04.27"]
[SourceQuality "1"]
[WhiteTeam "Mattersburg"]
[BlackTeam "Favoriten"]
[WhiteTeamCountry "AUT"]
[BlackTeamCountry "AUT"]

1. g3 d5 2. Bg2 c6 3. Nf3 Bf5 4. d3 Nf6 5. Nbd2 h6 6. b3 e6 7. Bb2 Be7 8. 0-0 0-0 9. c4 a5 10. a3 c5 11. cxd5 exd5 12. Ne5 a4 13. bxa4 Nc6 14. Nxc6 bxc6 15. e4 Bg4 16. Qc2 Qa5 17. Rfe1 Be6 18. f4 Ra7 19. Rac1 c4 20. e5 Qb6+ 21. d4 Nd7 22. Bc3 g6 23. a5 Qc7 24. Nf1 c5 25. Ne3 cxd4 26. Bxd4 Bc5 27. Rcd1 Bxd4 28. Rxd4 Qc5 29. Red1 Rxa5 30. Bxd5 Bxd5 31. Nxd5 Nb6 32. Nxb6 Qxb6 33. Qxc4 Rxa3 34. Kg2 Ra7 35. Rd6 Qb7+ 36. Kh3 Ra3 37. Rxg6+ Kh7 38. Qc6 1-0

[Event "AUT-chT2O 1617"]
[Site "Austria"]
[Date "2016.10.15"]
[Round "1.4"]
[White "Schweitzer, Werner"]
[Black "Chulis, Alexander"]
[Result "1/2-1/2"]
[WhiteElo "2026"]
[BlackElo "2157"]
[PlyCount "59"]
[EventDate "2016.10.15"]
[EventType "team-tourn"]
[EventRounds "11"]
[EventCountry "AUT"]
[SourceTitle "EXT 2017"]
[Source "ChessBase"]
[SourceDate "2016.10.25"]
[SourceVersion "1"]
[SourceVersionDate "2016.10.25"]
[SourceQuality "1"]
[WhiteTeam "Poechlarn"]
[BlackTeam "Favoriten"]
[WhiteTeamCountry "AUT"]
[BlackTeamCountry "AUT"]

1. e4 e5 2. Nf3 Nc6 3. Bc4 Bc5 4. b4 Bxb4 5. c3 Be7 6. d4 Bf6 7. 0-0 d6 8. Qb3 Qe7 9. Re1 g5 10. h3 h5 11. Ba3 g4 12. dxe5 gxf3 13. exf6 Qxf6 14. Nd2 Ne5 15. Nxf3 Nxf3+ 16. gxf3 Bxh3 17. Bf1 Qg5+ 18. Kh2 Bxf1 19. Rxf1 Qh4+ 20. Kg2 Ne7 21. Rfd1 Ng6 22. Bc1 Rg8 23. Kf1 0-0-0 24. Rb1 b6 25. a4 Ne5 26. c4 Qh3+ 27. Ke2 Qe6 28. Rd5 Nc6 29. Be3 h4 30. Qb5 1/2-1/2

[Event "South African op"]
[Site "Cape Town"]
[Date "2015.07.08"]
[Round "8"]
[White "Oberholzer, Francois"]
[Black "Chulis, Alexander"]
[Result "1-0"]
[WhiteElo "1930"]
[BlackElo "2170"]
[PlyCount "55"]
[EventDate "2015.07.03"]
[EventType "swiss"]
[EventRounds "11"]
[EventCountry "RSA"]
[SourceTitle "CBM 167 Extra"]
[Source "ChessBase"]
[SourceDate "2015.09.14"]
[SourceVersion "1"]
[SourceVersionDate "2015.09.14"]
[SourceQuality "1"]

1. e4 e5 2. Nf3 Nc6 3. Bb5 f5 4. Nc3 fxe4 5. Nxe4 Nf6 6. Nxf6+ Qxf6 7. Qe2 Be7 8. Bxc6 dxc6 9. Nxe5 Bf5 10. 0-0 0-0-0 11. d3 Rde8 12. f4 Bd6 13. Qf2 Kb8 14. Be3 a6 15. Rae1 Rhf8 16. Bd4 Bxe5 17. Rxe5 Rxe5 18. fxe5 Qg6 19. e6 Qxe6 20. g4 Qg6 21. Qg3 Rd8 22. Be5 Bxg4 23. Bxc7+ Kc8 24. Bxd8 Kxd8 25. Rf4 Bf5 26. Qxg6 Bxg6 27. Rf8+ Be8 28. Rg8 1-0

[Event "South African op"]
[Site "Cape Town"]
[Date "2015.07.07"]
[Round "7"]
[White "Chulis, Alexander"]
[Black "James, Michael"]
[Result "1/2-1/2"]
[WhiteElo "2170"]
[BlackElo "2008"]
[PlyCount "154"]
[EventDate "2015.07.03"]
[EventType "swiss"]
[EventRounds "11"]
[EventCountry "RSA"]
[SourceTitle "CBM 167 Extra"]
[Source "ChessBase"]
[SourceDate "2015.09.14"]
[SourceVersion "1"]
[SourceVersionDate "2015.09.14"]
[SourceQuality "1"]

1. e4 c5 2. Ne2 Nc6 3. c4 e6 4. d4 cxd4 5. Nxd4 Nf6 6. Nc3 d6 7. Be2 a6 8. 0-0 Be7 9. Be3 0-0 10. Qd2 Bd7 11. f3 Nxd4 12. Bxd4 Bc6 13. Rfd1 Rb8 14. a4 b6 15. b4 Qc7 16. Rac1 Qb7 17. Qb2 Rfd8 18. Bf1 h6 19. Rb1 Be8 20. Qf2 Rdc8 21. e5 dxe5 22. Bxe5 Ra8 23. Bd3 Rd8 24. Kf1 Rac8 25. a5 Nd7 26. Bd4 bxa5 27. bxa5 Qc7 28. Qg3 Qxg3 29. hxg3 Nc5 30. Be2 Rxd4 31. Rxd4 Bf6 32. Rbd1 Bxd4 33. Rxd4 Nb3 34. Rd6 Nxa5 35. Ne4 Nxc4 36. Bxc4 Rxc4 37. Rxa6 Rxe4 38. Ra8 Ra4 39. Rxe8+ Kh7 40. g4 Ra2 41. Kg1 Kg6 42. Kh2 h5 43. gxh5+ Kxh5 44. Re7 Kg6 45. Re8 Re2 46. Ra8 e5 47. Kh3 f6 48. Ra7 Kh6 49. Ra6 Kg5 50. Ra7 g6 51. Kg3 f5 52. Ra5 Kh5 53. Ra8 f4+ 54. Kh3 e4 55. Rh8+ Kg5 56. fxe4 Rxe4 57. Rf8 Re3+ 58. Kh2 Kg4 59. Ra8 g5 60. Ra4 Re2 61. Rb4 Kf5 62. Rb5+ Re5 63. Rb4 Ra5 64. Rc4 Rd5 65. Ra4 Ke5 66. Rb4 g4 67. Ra4 Rd4 68. Ra8 Rd2 69. Re8+ Kd4 70. Rg8 g3+ 71. Kh3 Ke3 72. Re8+ Kf2 73. Rf8 Rd4 74. Rf7 Kg1 75. Rf8 Re4 76. Rf7 Kf2 77. Rxf4+ Rxf4 1/2-1/2

[Event "AUT-chT2O 0506"]
[Site "Austria"]
[Date "2006.03.18"]
[Round "10.4"]
[White "Chulis, Alexander"]
[Black "Vokroj, Rene"]
[Result "0-1"]
[WhiteElo "2157"]
[BlackElo "2303"]
[PlyCount "52"]
[EventDate "2005.11.19"]
[EventType "team"]
[EventRounds "11"]
[EventCountry "AUT"]
[SourceTitle "EXT 2006"]
[Source "ChessBase"]
[SourceDate "2005.11.24"]
[SourceVersion "1"]
[SourceVersionDate "2005.11.24"]
[SourceQuality "1"]
[WhiteTeam "Donau"]
[BlackTeam "Wien Austria"]
[WhiteTeamCountry "AUT"]
[BlackTeamCountry "AUT"]

1. e4 c5 2. Ne2 Nc6 3. c4 Nd4 4. Nbc3 g6 5. Ng3 d6 6. Be2 h5 7. Nf1 Bh6 8. Ne3 e6 9. Rb1 Ne7 10. 0-0 Nec6 11. d3 a6 12. f4 b5 13. f5 b4 14. fxg6 fxg6 15. Na4 Ra7 16. b3 Rf7 17. Rxf7 Kxf7 18. Bf1 Rf8 19. Rb2 Kg8 20. Rf2 Rxf2 21. Kxf2 Qh4+ 22. Kg1 Bf4 23. g3 Bxg3 24. hxg3 Qxg3+ 25. Bg2 Ne5 26. Kh1 Nef3 0-1

[Event "AUT-chT2O 0506"]
[Site "Austria"]
[Date "2005.11.20"]
[Round "4.6"]
[White "Schirmbeck, Hannes"]
[Black "Chulis, Alexander"]
[Result "0-1"]
[WhiteElo "2120"]
[BlackElo "2157"]
[PlyCount "62"]
[EventDate "2005.11.19"]
[EventType "team"]
[EventRounds "11"]
[EventCountry "AUT"]
[SourceTitle "CBM 109 Extra"]
[Source "ChessBase"]
[SourceDate "2006.01.03"]
[SourceVersion "2"]
[SourceVersionDate "2006.01.03"]
[SourceQuality "1"]

1. e4 e5 2. Nf3 Nc6 3. Bc4 Bc5 4. 0-0 d6 5. c3 Qf6 6. b4 Bb6 7. b5 Na5 8. Be2 Ne7 9. d4 h6 10. dxe5 dxe5 11. c4 Bg4 12. Nbd2 Bc5 13. Bb2 Ng6 14. Bc3 b6 15. Ne1 Bxe2 16. Qxe2 Nf4 17. Qg4 h5 18. Qf3 Rh6 19. g3 Qg5 20. h4 Ne2+ 21. Kg2 Qg4 22. Bxe5 0-0-0 23. Bxg7 Rg6 24. Be5 Rxd2 25. Qxf7 Qxe4+ 26. Nf3 Bd6 27. Rad1 Bxe5 28. Rxd2 Nf4+ 29. Kh2 Qxf3 30. Rg1 Qg4 31. Rg2 Qh3+ 0-1

[Event "Vienna op 14th"]
[Site "Vienna"]
[Date "2003.08.20"]
[Round "5"]
[White "Chulis, Alexander"]
[Black "Stajcic, Nikola"]
[Result "0-1"]
[WhiteElo "2172"]
[BlackElo "2302"]
[PlyCount "58"]
[EventDate "2003.08.16"]
[EventType "swiss"]
[EventRounds "9"]
[EventCountry "AUT"]
[SourceTitle "CBM 095 Extra"]
[Source "ChessBase"]
[SourceDate "2003.09.04"]
[SourceVersion "1"]
[SourceVersionDate "2003.09.04"]
[SourceQuality "1"]

1. e4 e6 2. d4 d5 3. Bd3 dxe4 4. Bxe4 Nf6 5. Bd3 c5 6. dxc5 Bxc5 7. Nf3 h6 8. 0-0 Qc7 9. Nc3 a6 10. Qe2 Nbd7 11. Re1 0-0 12. Ne4 Be7 13. Nxf6+ Nxf6 14. Ne5 b5 15. Qf3 Bb7 16. Qh3 Bd6 17. Bf4 Nd5 18. Bxh6 gxh6 19. Qxh6 f6 20. Re4 Bxe5 21. Rg4+ Kf7 22. Rg7+ Ke8 23. Bg6+ Kd8 24. Rxc7 Kxc7 25. c4 bxc4 26. Rc1 Rad8 27. Rxc4+ Kb8 28. f4 Bc7 29. g3 Bb6+ 0-1

[Event "Vienna op 14th"]
[Site "Vienna"]
[Date "2003.08.19"]
[Round "4"]
[White "Druckenthaner, Andreas"]
[Black "Chulis, Alexander"]
[Result "1/2-1/2"]
[WhiteElo "2309"]
[BlackElo "2172"]
[PlyCount "47"]
[EventDate "2003.08.16"]
[EventType "swiss"]
[EventRounds "9"]
[EventCountry "AUT"]
[SourceTitle "CBM 095 Extra"]
[Source "ChessBase"]
[SourceDate "2003.09.04"]
[SourceVersion "1"]
[SourceVersionDate "2003.09.04"]
[SourceQuality "1"]

1. e4 e5 2. Nf3 Nc6 3. Nc3 Nf6 4. Bb5 Bb4 5. 0-0 0-0 6. d3 d6 7. Bg5 Bxc3 8. bxc3 h6 9. Bh4 Qe7 10. Qc1 Nd8 11. d4 Bg4 12. Ne1 Ne6 13. f3 Bh5 14. g4 Bg6 15. d5 a6 16. Bd3 Ng5 17. Bg3 Ngh7 18. Ng2 Nd7 19. c4 Rfc8 20. Rb1 b6 21. Ne3 Nhf8 22. Qe1 f6 23. Kh1 Nc5 24. h4 1/2-1/2

[Event "AUT-chT2O 9899"]
[Site "Austria"]
[Date "1999.??.??"]
[Round "6"]
[White "Chulis, Alexander"]
[Black "Schirmbeck, Hannes"]
[Result "1/2-1/2"]
[WhiteElo "2125"]
[BlackElo "2165"]
[PlyCount "40"]
[EventDate "1998.10.??"]
[EventType "team"]
[EventRounds "11"]
[EventCountry "AUT"]
[SourceTitle "EXT 2000"]
[Source "ChessBase"]
[SourceDate "1999.11.16"]
[SourceVersion "1"]
[SourceVersionDate "1999.11.16"]
[SourceQuality "1"]

1. e4 c5 2. Ne2 Nc6 3. c4 g6 4. d4 cxd4 5. Nxd4 Bg7 6. Be3 Nf6 7. Nc3 0-0 8. Be2 d6 9. 0-0 Nxd4 10. Bxd4 b6 11. f3 Bb7 12. Qd2 Qc7 13. Rac1 Rad8 14. Rfd1 Qb8 15. Be3 Rd7 16. Qc2 Qa8 17. Qa4 Bc6 18. Qa3 Rfd8 19. Rd2 Nh5 20. Rcd1 Be5 1/2-1/2

[Event "AUT-chT2O 9899"]
[Site "Austria"]
[Date "1998.??.??"]
[Round "1"]
[White "Bachmayer, Josef"]
[Black "Chulis, Alexander"]
[Result "1/2-1/2"]
[WhiteElo "2160"]
[BlackElo "2125"]
[PlyCount "98"]
[EventDate "1998.10.??"]
[EventType "team"]
[EventRounds "11"]
[EventCountry "AUT"]
[SourceTitle "EXT 2000"]
[Source "ChessBase"]
[SourceDate "1999.11.16"]
[SourceVersion "1"]
[SourceVersionDate "1999.11.16"]
[SourceQuality "1"]

1. d4 Nf6 2. Nc3 d5 3. Bg5 Bf5 4. Bxf6 exf6 5. e3 c6 6. Bd3 Bxd3 7. Qxd3 Bd6 8. Nf3 Nd7 9. e4 dxe4 10. Nxe4 Qa5+ 11. c3 Bc7 12. 0-0 0-0 13. Rfe1 Rad8 14. Qc4 Qh5 15. Ng3 Bxg3 16. hxg3 Nb6 17. Qb3 Rd7 18. Re4 Qd5 19. Rae1 Qxb3 20. axb3 g6 21. g4 Rfd8 22. Re8+ Kg7 23. Kf1 Nd5 24. g3 h6 25. R1e4 Nc7 26. Rxd8 Rxd8 27. Re7 Rc8 28. Nd2 Kf8 29. Re1 Re8 30. Ne4 Re6 31. f3 Ne8 32. Kf2 Nd6 33. Nxd6 Rxd6 34. Ra1 a6 35. Ke3 Rd5 36. c4 Rg5 37. b4 f5 38. gxf5 Rxg3 39. fxg6 fxg6 40. b5 axb5 41. cxb5 Rg2 42. bxc6 bxc6 43. Rc1 Rxb2 44. Rxc6 Kf7 45. d5 Rb1 46. Kf4 Rd1 47. Rc7+ Kf6 48. Rc6+ Kf7 49. Rc7+ Kf6 1/2-1/2

[Event "AUT-chT2O 9798"]
[Site "Austria"]
[Date "1997.11.08"]
[Round "2"]
[White "Winiwarter, Felix"]
[Black "Chulis, Alexander"]
[Result "1-0"]
[WhiteElo "2175"]
[BlackElo "2150"]
[PlyCount "121"]
[EventDate "1997.??.??"]
[EventType "team"]
[EventRounds "13"]
[EventCountry "AUT"]
[SourceTitle "EXT 1999"]
[Source "ChessBase"]
[SourceDate "1998.11.16"]
[SourceVersion "1"]
[SourceVersionDate "1998.11.16"]
[SourceQuality "1"]

1. e4 e5 2. Nc3 Nf6 3. f4 d5 4. fxe5 Nxe4 5. d3 Nxc3 6. bxc3 Be7 7. Nf3 Be6 8. d4 0-0 9. Bd3 c5 10. 0-0 f6 11. exf6 Bxf6 12. Qe2 Bg4 13. h3 Bxf3 14. Rxf3 cxd4 15. Qe6+ Kh8 16. Ba3 Qd7 17. Re1 Qxe6 18. Rxe6 Rd8 19. cxd4 Bxd4+ 20. Kf1 Bf6 21. Be7 Bxe7 22. Rxe7 Nc6 23. Rxb7 Rab8 24. Rff7 Rxb7 25. Rxb7 g6 26. Ke1 Re8+ 27. Kd2 Re7 28. Rb5 Rd7 29. Rc5 Nd4 30. Kc3 Ne6 31. Rc6 Nf4 32. Bf1 Re7 33. Rf6 g5 34. h4 Re1 35. Bb5 Nxg2 36. hxg5 Re3+ 37. Bd3 Rg3 38. Rh6 Rxg5 39. Rxh7+ Kg8 40. Rxa7 Kf8 41. Kd4 Ke8 42. Kc5 Ne3 43. Kd4 Ng2 44. a4 Kd8 45. a5 Kc8 46. a6 Nf4 47. Re7 Nxd3 48. a7 Rg4+ 49. Kxd3 Ra4 50. c3 Ra1 51. Kd4 Ra5 52. Rh7 Ra1 53. Kxd5 Ra3 54. c4 Ra4 55. c5 Ra1 56. c6 Rd1+ 57. Kc4 Rc1+ 58. Kb3 Ra1 59. a8Q+ Rxa8 60. Rh8+ Kc7 61. Rxa8 1-0

[Event "AUT-chT2O 9798"]
[Site "Austria"]
[Date "1997.11.07"]
[Round "1"]
[White "Chulis, Alexander"]
[Black "Wadsack, Winfried"]
[Result "0-1"]
[WhiteElo "2150"]
[BlackElo "2185"]
[PlyCount "74"]
[EventDate "1997.??.??"]
[EventType "team"]
[EventRounds "13"]
[EventCountry "AUT"]
[SourceTitle "EXT 1999"]
[Source "ChessBase"]
[SourceDate "1998.11.16"]
[SourceVersion "1"]
[SourceVersionDate "1998.11.16"]
[SourceQuality "1"]

1. d4 d5 2. c4 dxc4 3. Nf3 Nf6 4. e3 Bg4 5. Bxc4 e6 6. h3 Bh5 7. 0-0 a6 8. Nc3 c5 9. Qe2 Nc6 10. Rd1 Qc7 11. d5 exd5 12. Nxd5 Nxd5 13. Rxd5 Bg6 14. e4 Be7 15. Bd2 0-0 16. Bc3 b5 17. Bb3 c4 18. Bc2 Nb4 19. Rdd1 Rad8 20. Ne5 Nxc2 21. Qxc2 Rxd1+ 22. Rxd1 Rd8 23. Nxg6 hxg6 24. Rxd8+ Qxd8 25. Kf1 b4 26. Be1 Qd4 27. Ke2 a5 28. Bd2 Bf6 29. Bc1 a4 30. Qxa4 Qd3+ 31. Ke1 Qxe4+ 32. Kd1 Qd3+ 33. Ke1 c3 34. Qe8+ Kh7 35. b3 c2 36. Qe2 Bc3+ 37. Kf1 Qd1+ 0-1